[Event "LSS SE-2010-0-00063"]
[Site "LSS email"]
[Date "2011.01.21"]
[Round "?"]
[White "Molano Lafuente, Ismael"]
[Black "Hannaske, Daniel"]
[Result "1-0"]
[WhiteElo "1354"]
[BlackElo "998"]
[PlyCount "27"]
[EventDate "2010.12.19"]
[EventType "tourn (corr)"]
[EventRounds "6"]
[EventCountry "GER"]
[SourceTitle "Corr 2013"]
[Source "ChessBase"]
[SourceDate "2012.11.12"]
[SourceVersion "1"]
[SourceVersionDate "2012.11.12"]
[SourceQuality "1"]
[WhiteTeam "US of America"]
[BlackTeam "US of America"]
[WhiteTeamCountry "USA"]
[BlackTeamCountry "USA"]

1. e4 e5 2. Nf3 Nf6 3. d4 d6 4. Nc3 exd4 5. Nxd4 Be7 6. Bf4 0-0 7. Qd2 c5 8. Ndb5 a6 9. Nxd6 Bxd6 10. Qxd6 Qxd6 11. Bxd6 Rd8 12. Be7 Rd7 13. Bxf6 gxf6 14. Nd5 1-0

[Event "LSS SE-2010-0-00063"]
[Site "LSS email"]
[Date "2011.01.21"]
[Round "?"]
[White "Shim Ng Min, Francis"]
[Black "Hannaske, Daniel"]
[Result "1-0"]
[WhiteElo "1182"]
[BlackElo "998"]
[PlyCount "43"]
[EventDate "2010.12.19"]
[EventType "tourn (corr)"]
[EventRounds "6"]
[EventCountry "GER"]
[SourceTitle "Telechess CBM 145"]
[Source "Chessbase"]
[SourceDate "2011.11.11"]
[SourceVersion "1"]
[SourceVersionDate "2011.11.11"]
[SourceQuality "1"]

1. e4 e5 2. Nf3 Nf6 3. d4 Nxe4 4. Bd3 d5 5. Nxe5 Nc6 6. Nxc6 bxc6 7. 0-0 Be7 8. Re1 0-0 9. Bxe4 dxe4 10. Rxe4 Bf5 11. Re1 Re8 12. Nd2 Qxd4 13. c3 Qf6 14. Nf1 Rad8 15. Qf3 c5 16. Be3 Rd3 17. Ng3 Bd6 18. Qxf5 Bxg3 19. Qxd3 Bd6 20. Bd2 Rxe1+ 21. Rxe1 h6 22. Re8+ 1-0

[Event "LSS No Engine Cup 34 Preliminary 6"]
[Site "LSS email"]
[Date "2011.01.08"]
[Round "?"]
[White "Hannaske, Daniel"]
[Black "Molina, Vicente Andres"]
[Result "0-1"]
[WhiteElo "996"]
[BlackElo "792"]
[PlyCount "56"]
[EventDate "2011.01.09"]
[EventType "tourn (corr)"]
[EventRounds "6"]
[EventCountry "GER"]
[SourceTitle "Telechess CBM 147"]
[Source "ChessBase"]
[SourceDate "2012.03.16"]
[SourceVersion "1"]
[SourceVersionDate "2012.03.16"]
[SourceQuality "1"]

1. e4 c5 2. Nf3 Nc6 3. c3 Nf6 4. d3 d6 5. Nbd2 e6 6. d4 cxd4 7. cxd4 Be7 8. Bb5 0-0 9. Bxc6 bxc6 10. 0-0 e5 11. dxe5 dxe5 12. Nxe5 Qc7 13. Nef3 Bg4 14. h3 Be6 15. b3 Rad8 16. Bb2 Nxe4 17. Qc2 Nxd2 18. Nxd2 Bb4 19. Rad1 Qc8 20. Ne4 Bf5 21. Qc4 Be7 22. Qc3 f6 23. f3 Rxd1 24. Rxd1 Qa6 25. a4 Qb6+ 26. Kh1 Bb4 27. Qc4+ Kh8 28. Nd6 Bg6 0-1

[Event "LSS SE-2010-0-00060"]
[Site "LSS email"]
[Date "2010.12.28"]
[Round "?"]
[White "Hannaske, Daniel"]
[Black "Hermansen, Rune"]
[Result "1-0"]
[WhiteElo "996"]
[BlackElo "1130"]
[PlyCount "29"]
[EventDate "2010.11.07"]
[EventType "tourn (corr)"]
[EventRounds "6"]
[EventCountry "GER"]
[SourceTitle "Corr 2015"]
[Source "ChessBase"]
[SourceDate "2015.07.17"]
[SourceVersion "1"]
[SourceVersionDate "2015.07.17"]
[SourceQuality "1"]

1. e4 e5 2. Nf3 Nc6 3. d4 exd4 4. Nxd4 Nf6 5. f3 Bc5 6. Nxc6 bxc6 7. Bd2 0-0 8. Nc3 d5 9. e5 Re8 10. f4 Bg4 11. Be2 Bxe2 12. Qxe2 Ne4 13. Nxe4 dxe4 14. Qxe4 Qe7 15. Qxc6 1-0

[Event "LSS SE-2010-0-00060"]
[Site "LSS email"]
[Date "2010.12.28"]
[Round "?"]
[White "Shim Ng Min, Francis"]
[Black "Hannaske, Daniel"]
[Result "1-0"]
[WhiteElo "1131"]
[BlackElo "996"]
[PlyCount "37"]
[EventDate "2010.11.07"]
[EventType "tourn (corr)"]
[EventRounds "6"]
[EventCountry "GER"]
[SourceTitle "Telechess CBM 151"]
[Source "ChessBase"]
[SourceDate "2012.11.13"]
[SourceVersion "1"]
[SourceVersionDate "2012.11.13"]
[SourceQuality "1"]

1. e4 e6 2. d4 d5 3. Nc3 dxe4 4. Nxe4 Nf6 5. Nxf6+ Qxf6 6. Nf3 Bd6 7. Bg5 Qf5 8. Bd3 Qa5+ 9. Bd2 Bb4 10. c3 Be7 11. Ne5 0-0 12. Qh5 g6 13. Qh6 Nd7 14. f4 Nxe5 15. fxe5 Rd8 16. 0-0 Bf8 17. Qh4 Bd7 18. Rxf7 h6 19. Qf6 1-0

[Event "LSS SE-2008-0-00012"]
[Site "LSS email"]
[Date "2008.12.02"]
[Round "?"]
[White "Visser, Bob"]
[Black "Hannaske, Daniel"]
[Result "1-0"]
[WhiteElo "1311"]
[BlackElo "1232"]
[PlyCount "31"]
[EventDate "2008.10.21"]
[EventType "tourn (corr)"]
[EventRounds "6"]
[EventCountry "GER"]
[SourceTitle "Corr 2022"]
[Source "ChessBase"]
[SourceDate "2021.10.24"]
[SourceVersion "1"]
[SourceVersionDate "2021.10.24"]
[SourceQuality "1"]

1. c4 e5 2. Nc3 Nf6 3. Nf3 Nc6 4. g3 d5 5. cxd5 Nxd5 6. Bg2 Nb6 7. 0-0 Bg4 8. b3 Bd6 9. Bb2 f5 10. d4 e4 11. Ne1 Qf6 12. f3 exf3 13. Nxf3 0-0-0 14. Nb5 Kb8 15. Qc1 a6 16. d5 1-0

[Event "LSS SE-2008-0-00012"]
[Site "LSS email"]
[Date "2008.11.05"]
[Round "?"]
[White "Hannaske, Daniel"]
[Black "Murphy, Jones"]
[Result "1/2-1/2"]
[WhiteElo "1232"]
[BlackElo "1285"]
[PlyCount "44"]
[EventDate "2008.10.21"]
[EventType "tourn (corr)"]
[EventRounds "6"]
[EventCountry "GER"]
[SourceTitle "Corr 2022"]
[Source "ChessBase"]
[SourceDate "2021.10.24"]
[SourceVersion "1"]
[SourceVersionDate "2021.10.24"]
[SourceQuality "1"]

1. e4 c6 2. d4 d5 3. e5 Bf5 4. c3 e6 5. Be2 Nd7 6. Nf3 Ne7 7. Na3 Bg6 8. 0-0 h6 9. Nc2 c5 10. dxc5 Nxc5 11. Nfd4 Nc6 12. Bb5 Bxc2 13. Qxc2 Rc8 14. b4 Nd7 15. Nxc6 bxc6 16. Ba6 Rc7 17. Qe2 Be7 18. Qg4 Nxe5 19. Qxg7 Ng6 20. Bf4 Bf6 21. Bxc7 Qe7 22. Bd6 Qd8 1/2-1/2

[Event "LSS SE-2008-0-00011"]
[Site "LSS email"]
[Date "2008.11.01"]
[Round "?"]
[White "Hannaske, Daniel"]
[Black "Dumitriu, Laurentiu"]
[Result "1-0"]
[WhiteElo "1232"]
[BlackElo "1287"]
[PlyCount "59"]
[EventDate "2008.10.19"]
[EventType "tourn (corr)"]
[EventRounds "6"]
[EventCountry "GER"]
[SourceTitle "Corr 2022"]
[Source "ChessBase"]
[SourceDate "2021.10.24"]
[SourceVersion "1"]
[SourceVersionDate "2021.10.24"]
[SourceQuality "1"]

1. e4 e5 2. Nf3 Nc6 3. d4 exd4 4. Nxd4 d6 5. Nxc6 bxc6 6. Bd3 Be7 7. 0-0 Nf6 8. f4 0-0 9. Nc3 Nd7 10. f5 Ne5 11. Be3 f6 12. Be2 Bb7 13. Qd2 Rf7 14. Rad1 g6 15. Bd4 Kg7 16. Qe3 Nd7 17. Qh3 g5 18. Bh5 Rf8 19. Rf3 Ne5 20. Bxe5 fxe5 21. Re3 Rf6 22. Qg4 Rh6 23. Rh3 Bf6 24. Qe2 Qe7 25. Bg4 Rxh3 26. Bxh3 Rg8 27. g4 Kh8 28. b4 a6 29. a4 Qg7 30. Rd2 1-0

[Event "LSS SE-2008-0-00011"]
[Site "LSS email"]
[Date "2008.10.22"]
[Round "?"]
[White "Gonzalez, Gervasio"]
[Black "Hannaske, Daniel"]
[Result "1/2-1/2"]
[WhiteElo "1200"]
[BlackElo "1232"]
[PlyCount "76"]
[EventDate "2008.10.19"]
[EventType "tourn (corr)"]
[EventRounds "6"]
[EventCountry "GER"]
[SourceTitle "Corr 2022"]
[Source "ChessBase"]
[SourceDate "2021.10.24"]
[SourceVersion "1"]
[SourceVersionDate "2021.10.24"]
[SourceQuality "1"]

1. e4 e5 2. Nf3 Nc6 3. Bb5 Nd4 4. Nxd4 exd4 5. 0-0 Bc5 6. c3 c6 7. Ba4 Ne7 8. d3 d5 9. Nd2 b5 10. Bb3 0-0 11. Kh1 a5 12. exd5 a4 13. Bc2 Nxd5 14. Ne4 Be7 15. cxd4 f5 16. Nc3 f4 17. Qf3 Be6 18. Bd1 Bb4 19. Ne4 Qb6 20. a3 Be7 21. Nc5 Bxc5 22. dxc5 Qxc5 23. Bd2 Bd7 24. b4 Qd4 25. Be2 Qb2 26. Rfd1 Rae8 27. d4 Bf5 28. Bd3 Qxd4 29. Bxf5 Rxf5 30. Rac1 Re6 31. Be3 Qe4 32. Qxe4 Rxe4 33. Bd4 Re6 34. Rd2 Kf7 35. Rdc2 Ne7 36. h3 Re4 37. Bc5 Rfe5 38. Bxe7 Kxe7 1/2-1/2

[Event "LSS CP-2008-P-00036"]
[Site "LSS email"]
[Date "2008.10.06"]
[Round "?"]
[White "Hannaske, Daniel"]
[Black "Adamczyk, Wieslaw"]
[Result "1/2-1/2"]
[WhiteElo "800"]
[BlackElo "1700"]
[PlyCount "59"]
[EventDate "2008.10.01"]
[EventType "tourn (corr)"]
[EventRounds "6"]
[EventCountry "GER"]
[SourceTitle "Corr 2022"]
[Source "ChessBase"]
[SourceDate "2021.10.24"]
[SourceVersion "1"]
[SourceVersionDate "2021.10.24"]
[SourceQuality "1"]

1. e4 c6 2. d4 d5 3. Nc3 dxe4 4. Nxe4 Nd7 5. Ng5 Ngf6 6. Bc4 e6 7. Qe2 Nb6 8. Bb3 h6 9. N5f3 c5 10. c3 cxd4 11. Nxd4 Bd6 12. Nf5 0-0 13. Nxd6 Qxd6 14. Nf3 Bd7 15. 0-0 Rad8 16. Be3 Bc6 17. Rfd1 Qc7 18. Bd4 Nbd7 19. Ne5 Nxe5 20. Bxe5 Qa5 21. f3 Nd5 22. Kh1 Ne7 23. Bd6 Rfe8 24. Qe5 Qxe5 25. Bxe5 Ng6 26. Bd4 a6 27. Bb6 Rxd1+ 28. Rxd1 Ne5 29. Kg1 Nd7 30. Be3 1/2-1/2

[Event "LSS CP-2008-P-00036"]
[Site "LSS email"]
[Date "2008.10.06"]
[Round "?"]
[White "Hannaske, Daniel"]
[Black "Johansen, Svein Age"]
[Result "0-1"]
[WhiteElo "800"]
[BlackElo "2010"]
[PlyCount "36"]
[EventDate "2008.10.01"]
[EventType "tourn (corr)"]
[EventRounds "6"]
[EventCountry "GER"]
[SourceTitle "Corr 2022"]
[Source "ChessBase"]
[SourceDate "2021.10.24"]
[SourceVersion "1"]
[SourceVersionDate "2021.10.24"]
[SourceQuality "1"]

1. e4 e5 2. Nf3 Nc6 3. d4 exd4 4. Nxd4 Bc5 5. Nxc6 Qf6 6. Qd2 dxc6 7. Nc3 Be6 8. Bd3 0-0-0 9. 0-0 Nh6 10. h3 Qe5 11. a3 f6 12. Kh1 Qh5 13. Kg1 Bxh3 14. gxh3 Qxh3 15. Re1 Ng4 16. Re3 Qh2+ 17. Kf1 Bxe3 18. fxe3 Qh1+ 0-1

[Event "LSS OP-2008-0-00631"]
[Site "LSS email"]
[Date "2008.09.18"]
[Round "?"]
[White "Tasic, Vladimir"]
[Black "Hannaske, Daniel"]
[Result "1-0"]
[WhiteElo "2515"]
[BlackElo "800"]
[PlyCount "55"]
[EventDate "2008.09.15"]
[EventType "tourn (corr)"]
[EventRounds "4"]
[EventCountry "GER"]
[SourceTitle "Corr 2022"]
[Source "ChessBase"]
[SourceDate "2021.10.24"]
[SourceVersion "1"]
[SourceVersionDate "2021.10.24"]
[SourceQuality "1"]

1. d4 d5 2. c4 Nf6 3. cxd5 Qxd5 4. Nc3 Qa5 5. Nf3 Nc6 6. Bd2 Qh5 7. e3 e5 8. Nxe5 Nxe5 9. Qxh5 Nxh5 10. dxe5 c6 11. Bc4 Be7 12. 0-0-0 0-0 13. Be2 g6 14. g4 Ng7 15. f4 Rd8 16. e4 Bb4 17. f5 b5 18. Bg5 Rxd1+ 19. Rxd1 Ba5 20. Bd8 Bb4 21. Bf3 a5 22. Bg5 Ba6 23. e6 fxe6 24. f6 Ne8 25. e5 Bxc3 26. bxc3 b4 27. Rd7 Nxf6 28. exf6 1-0

[Event "LSS OP-2008-0-00589"]
[Site "LSS email"]
[Date "2008.08.01"]
[Round "?"]
[White "Lorenzo, Alfredo"]
[Black "Hannaske, Daniel"]
[Result "1-0"]
[WhiteElo "1854"]
[BlackElo "800"]
[PlyCount "47"]
[EventDate "2008.07.31"]
[EventType "tourn (corr)"]
[EventRounds "4"]
[EventCountry "GER"]
[SourceTitle "Corr 2022"]
[Source "ChessBase"]
[SourceDate "2021.10.24"]
[SourceVersion "1"]
[SourceVersionDate "2021.10.24"]
[SourceQuality "1"]

1. e4 e5 2. Nf3 Nc6 3. d4 exd4 4. Bc4 Nf6 5. 0-0 Nxe4 6. Re1 d5 7. Bxd5 Qxd5 8. Nc3 Qh5 9. Nxe4 Be6 10. Bg5 Be7 11. Bxe7 Nxe7 12. Qxd4 Nc6 13. Qxg7 0-0-0 14. Rad1 Rhg8 15. Rxd8+ Rxd8 16. a3 Qg6 17. Qf6 Bf5 18. Qxg6 hxg6 19. c3 Re8 20. Nd6+ cxd6 21. Rxe8+ Kd7 22. Ra8 d5 23. Nd4 Bd3 24. Nxc6 1-0